LEADER 01344nam a2200289 a 4500 001 000000136192 003 CaOOAMICUS 005 20131114125404.0 008 131114s2013 it af u000 u ita r 020 $a978-88-6099-195-9 040 $aPUL$bita 082 04$a255 100 1 $aPasquale, Gianluigi,$cO.F.M. Cap.,$d1967-$0(OLS)http://pul/name/54223 245 10$aSpezzare il pane con Francesco :$bi Cappuccini a Verona: testimoni di una presenza /$cGianluigi Pasquale ; a cura di Silvia Rancani. 260 $aS. Pietro in Cariano (VR) :$bIl segno dei Gabrielli,$cİ2013. 300 $a175 p., [4] c. di tav. :$bill. ;$c21 cm 504 $aBibliografia in nota. 610 24$aFrancescani$zItalia.$0(OLS)http://pul/subject/39877 700 1 $aRancani, Silvia.$0(OLS)http://pul/name/87687 850 $aPUL 852 $aPUL$W1$xDP2 Religione 3$y114$m255 PASGI 1$j156963$qDDC 21$B156375$CPULBib$Z2$F156375 $H123136 $82 941 1 $a9 996 $6020$a978-88-6099-195-9$9(OLS)http://pul/number/153941 996 $6082$a255$9(OLS)http://pul/classification/616 996 $6245$aSpezzare il pane con Francesco :$bi Cappuccini a Verona: testimoni di una presenza$9(OLS)http://pul/title/172215 996 $6260$aS. Pietro in Cariano (VR) :$bIl segno dei Gabrielli$9(OLS)http://pul/publisher/61827 LEADER 01165nam a2200217 u 4500 001 000000073143 003 CaOOAMICUS 005 20070226122322.0 008 020626s1848 it ef u000 u ita u 035 $a10934995 040 $aPUL(R)$bita 100 1 $aPeri, Carlo.$0(OLS)http://pul/name/30562 245 10$aCenni sulla riforma del sistema penitenziario in Toscana :$bcorredati di tutti i regolamenti ed ordini alla medesima relativi ... /$cpubblicazione fatta dall'avv. Carlo Peri. 260 $aFirenze :$bStamperia esistente presso il Penitenziario,$c1848. 300 $a332 p., 9 c. fdi tav. :$bpiante (ripieg.) ;$c25 cm 650 4$aDiritto penale$zItalia$xStudi.$0(OLS)http://pul/subject/17853 850 $aPUL 852 $aPUL$W1$xDP1 Antico 800$y27$m833 G 8$j94545$nBK-PRI$b $qStampati Antico$B94545$CPULBib$Z2$F94545 $H $81 941 1 $a15 996 $6245$aCenni sulla riforma del sistema penitenziario in Toscana :$bcorredati di tutti i regolamenti ed ordini alla medesima relativi ...$9(OLS)http://pul/title/96168 996 $6260$aFirenze :$bStamperia esistente presso il Penitenziario$9(OLS)http://pul/publisher/74260